| 000 | 00790nam a2200181 i 4500 | ||
|---|---|---|---|
| 001 | 161560 | ||
| 003 | ES-MaACL | ||
| 005 | 20230906212319.0 | ||
| 008 | 041020s1895 xxu |||| | eng d | ||
| 040 |
_aCAM _bspa _cCAM |
||
| 100 | 1 |
_aPaulsen, Friedrich. _989662 |
|
| 245 | 1 | 4 |
_aThe German Universities _b: their character and historical development / _cby Friedrich Paulsen; authorized translation by Edward Delavan Perry; with an introduction by Nicholas Murray Butler. |
| 260 |
_aNew York ; _aand London : _bMacmillan and co., _c1895 ( _eNorwood : _fNorwood Press, J.S. Cushing & col, Berwick & Smith) |
||
| 300 |
_a254 p. ; _c20 cm. |
||
| 650 | 4 |
_aUniversidades- _zAlemania- _vHistoria. _9159220 |
|
| 700 | 1 |
_aPerry, Edward Delavan. _9131053 |
|
| 852 |
_aES-MaACL _jG-8757 _z-- Enc. tela |
||
| 999 |
_c161560 _d161560 |
||